书目信息 |
| 题名: |
广播戏曲唱腔选
|
|
| 作者: | ;中央人民广播电台文艺部戏曲组 , 人民音乐出版社编辑部 编 | |
| 分册: | 第二集 | |
| 出版信息: | 北京 人民音乐出版社 1983 |
|
| 页数: | 132页 | |
| 开本: | 20cm | |
| 丛书名: | 农村音乐丛书 | |
| 单 册: | ||
| 中图分类: | J643.5 | |
| 科图分类: | ||
| 主题词: | 音乐--作品--中国 | |
| 电子资源: | ||
| ISBN: | ||
| 000 | 00850nam0 2200217 45 | |
| 001 | 0312221749 | |
| 005 | 20060731173906.03 | |
| 010 | @dCNY0.41 | |
| 100 | @a20031222d1983 km y0chiy0120 ea | |
| 101 | @achi | |
| 200 | 1 | @a广播戏曲唱腔选@AGuang Bo Xi Qu Chang Qiang Xuan@h第二集@f中央人民广播电台文艺部戏曲组,人民音乐出版社编辑部编@Fzhong yang ren min guang bo dian tai wen yi bu xi qu zu,ren min yin yue chu ban she bian ji bu bian |
| 210 | @a北京@c人民音乐出版社@d1983 | |
| 215 | @a132页@d20cm | |
| 225 | @a农村音乐丛书 | |
| 410 | @12001 @a农村音乐丛书 | |
| 606 | 0 | @a音乐@x作品@x中国 |
| 690 | @aJ643.5@v3 | |
| 711 | 0 | @a中央人民广播电台文艺部戏曲组@Azhong yang ren min guang bo dian tai wen yi bu xi qu zu@4编 |
| 711 | 0 | @a人民音乐出版社编辑部@Aren min yin yue chu ban she bian ji bu@4编 |
| 801 | @aCN@bTSTCL@c20060731 | |
| 905 | @dJ643.5@e108:2 | |
| 广播戏曲唱腔选.第二集/中央人民广播电台文艺部戏曲组,人民音乐出版社编辑部编.-北京:人民音乐出版社,1983 |
| 132页;20cm.-(农村音乐丛书) |
| ISBN :CNY0.41 |
| ● |
| 相关链接 |
|
|
|
|
正题名:广播戏曲唱腔选
索取号:J643.5/108:2
 
预约/预借
| 序号 | 登录号 | 条形码 | 馆藏地/架位号 | 状态 | 备注 |
| 1 | 0209073 | 202358304 | 密集书库/ [索取号:J643.5/108:2] | 在馆 | |
| 2 | 0209074 | 001202585 | 第一借阅区/ [索取号:J643.5/108:2] | 在馆 | |
| 3 | 0209075 | 001202594 | 第一借阅区/ [索取号:J643.5/108:2] | 在馆 | |
| 4 | 0209076 | 001202601 | 第一样本阅览室/ [索取号:J643.5/108:2] | 在馆 | |
| 5 | 0443990 | 204439900 | 密集书库/ [索取号:J643.5/108:2] | 在馆 | |
| 6 | 0443991 | 204439919 | 密集书库/ [索取号:J643.5/108:2] | 在馆 |